Images and ideas in seventeenth-century spanish painting / (Record no. 39215)
[ view plain ]
| 000 -CABECERA | |
|---|---|
| campo de control de longitud fija | 00529nam a2200157 a 4500 |
| 001 - NÚMERO DE CONTROL | |
| campo de control | 000039725 |
| 005 - FECHA Y HORA DE LA ÚLTIMA TRANSACCIÓN | |
| campo de control | 20201002033711.0 |
| 008 - DATOS DE LONGITUD FIJA--INFORMACIÓN GENERAL | |
| campo de control de longitud fija | 130718s1978 xxua 000 0 spa d |
| 040 ## - FUENTE DE LA CATALOGACIÓN | |
| Centro catalogador/agencia de origen | DO-SdBNP |
| Lengua de catalogación | spa |
| Centro/agencia transcriptor | BNPHU |
| 100 1# - ENTRADA PRINCIPAL--NOMBRE DE PERSONA | |
| Nombre de persona | Brown, Jonathan |
| 9 (RLIN) | 65917 |
| 245 10 - MENCIÓN DE TÍTULO | |
| Título | Images and ideas in seventeenth-century spanish painting / |
| Mención de responsabilidad, etc. | Jonathan Brown. |
| 260 ## - PUBLICACIÓN, DISTRIBUCIÓN, ETC. | |
| Lugar de publicación, distribución, etc. | New Jersey : |
| Nombre del editor, distribuidor, etc. | Princeton University Press, |
| Fecha de publicación, distribución, etc. | 1978. |
| 300 ## - DESCRIPCIÓN FÍSICA | |
| Extensión | 168 p. : |
| Otras características físicas | ils. ; |
| Dimensiones | 24 cm. |
| 500 ## - NOTA GENERAL | |
| Nota general | Incluye notas al pie de las páginas |
| 504 ## - NOTA DE BIBLIOGRAFÍA, ETC. | |
| Nota de bibliografía, etc. | Bibliografía : p. 149-160 |
| Estado de retiro | Estado de pérdida | Restricciones de uso | No para préstamo | Código de colección | Localización permanente | Ubicación/localización actual | Ubicación en estantería | Fecha de adquisición | Número de inventario | Total de préstamos | Signatura topográfica completa | Código de barras | Fecha visto por última vez | Precio válido a partir de | Tipo de ítem Koha |
|---|---|---|---|---|---|---|---|---|---|---|---|---|---|---|---|
| Monografías: Libros y Folletos | General | General | En catalogación | 18.07.2013 | LF1 | 39725-10 | 25.06.2020 | 25.06.2020 | Préstamo en sala |
